Novedades con relación al impuesto a los créditos y débitos bancarios (Registro nro. 20371)
[ vista simple ]
| 000 -LEADER | |
|---|---|
| fixed length control field | 00353 a2200109 4500 |
| 001 - CONTROL NUMBER | |
| control field | ART_52692 |
| 005 - DATE AND TIME OF LATEST TRANSACTION | |
| control field | 20260410161759.0 |
| 008 - FIXED-LENGTH DATA ELEMENTS--GENERAL INFORMATION | |
| fixed length control field | 260409a |
| 100 1# - MAIN ENTRY--PERSONAL NAME | |
| Personal name | Coronello, Silvina E. |
| 245 10 - TITLE STATEMENT | |
| Title | Novedades con relación al impuesto a los créditos y débitos bancarios |
| 773 0# - HOST ITEM ENTRY | |
| Title | Doctrina tributaria |
| Related parts | - N°496 (jul. 2021) |
| Record control number | REV4296 |
No hay ítems disponibles.